000 00378 a2200157 4500
001 16822
020 _a9788526016033
040 _cAnchieta - Bela Vista
100 _aBraz, Júlio Emílio
240 1 0 _aJovens náufragos e suas batalhas
_lpor
245 1 0 _aJovens náufragos e suas batalhas
300 _a111
362 0 _a2012
650 4 _aLiteratura juvenil
942 _cBK
999 _c16822
_d16822